| 000 | 00495nam a2200181Ia 4500 | ||
|---|---|---|---|
| 008 | 220531s9999 xx 000 0 und d | ||
| 041 | _aeng | ||
| 082 | _bORG / MUL | ||
| 100 |
_aMulla, M. G. _983245 |
||
| 245 | _aOrganisational Skill Development | ||
| 250 | _a1ST | ||
| 260 |
_aPune _bSuccess _c2013 |
||
| 300 | _a8.48 | ||
| 542 | _d15-11-2018 | ||
| 650 |
_aOrganisational Skill Development _983246 |
||
| 906 |
_cF.Y.B.Com. _d2018-2019 _eElantas beck Co. _f14842 |
||
| 999 |
_c45867 _d45867 |
||